000 00330nam a22001337a 4500
020 _a978-1-407124-24-7
082 _a823
_bIBB/O
100 _aIBBOSTSON, EVA
245 _aONE DOG AND HIS BOY
260 _aLONDON
_bSCHOLASTIC CHILDREN'S BOOK
_c2012
300 _a271
650 _aCHILDRENS STORY BOOK
_zUNITED KINGDOM
942 _cBK
999 _c3337
_d3337